000 00581nam a2200193Ia 4500
003 GCL
008 140319s9999 xx 000 0 ara d
040 _aGCL /
_cGCL
082 0 4 _a191
_bز ق
100 1 _aاحمد امين
245 1 0 _aقصة الفلسفة الحديثة /
_cاحمد امين
700 1 _aزكى نجيب محمود
260 _aالقاهرة :
_bمكتبة النهضة المصرية
300 _a431 ص ؛
_c24 سم
650 0 4 _aالفلسفة
650 0 4 _aالفلسفة الحديثة
650 0 4 _aالفلسطينيون
942 _2ddc
_cBK
999 _c44957
_d44957